| 000 | 00713nam a2200241 u 4500 | ||
|---|---|---|---|
| 001 | 000043169 | ||
| 005 | 20200120222414.0 | ||
| 008 | 100608s1994 sp r 000 0 spa d | ||
| 020 | _a8471553368 | ||
| 043 | _ae-sp--- | ||
| 082 | 0 | 4 |
_a415 _bM47d _221 |
| 100 | 1 | _aMiranda Podadera, Luis | |
| 245 | 1 | 0 |
_aDominar la gramática y sus reglas : _bCon nociones de métrica / _cLuis Miranda Podadera. |
| 250 | _a1a. ed. | ||
| 260 |
_aBarcelona : _bCasa Editorial Hernando, _c[1994]. |
||
| 300 |
_a170 p.p. : _bil. |
||
| 490 | 0 | _aCómo usar correctamente el idioma. comunicación y lenguaje | |
| 650 | 1 | 7 | _aGramática |
| 650 | 2 | 7 | _aOrtografía |
| 650 | 2 | 7 | _aMorfología |
| 650 | 2 | 7 | _aSemántica |
| 650 | 2 | 7 | _aEspañol |
| 999 |
_c2656 _d2656 |
||